000 00694nam a2200229Ia 4500
003 OSt
005 20220923230501.0
006 a|||||r|||| 00| 0
007 ta
008 Pun
024 _a282,459
037 _cTextual
040 _aARTS
_cARTS
_bPun
041 _2Pun
_aPun
082 _aO153,3M97:g, L6
100 _aਕੋਹਲੀ, ਕੁਲਵੰਤ ਕੌਰ
245 0 _aਨਾਨਕ ਸਿੰਘ ਦੇ ਨਾਵਲਾਂ ਦਾ ਆਲੋਚਨਾਤਮਕ ਸਰਵੇਖਣ
260 _c1976
650 _aਪੰਜਾਬੀ ਸਾਹਿਤ
942 _hO153,3M97:g, L6
_cTEXL
_2CC
999 _c385172
_d385172